Statistiken für Länder, die Australien am häufigsten besuchen

Klicken Sie hier um das Quiz zu spielen!

Allgemein

  • Dieses Quiz wurde 2,145 mal gespielt
  • Das Durchschnittsergebnis liegt bei 7 aus 9

Antwortstatistiken

# Land % Correct
609,900Vereinigte Staaten
98%
1,309,900Neuseeland
95%
1,243,300China
95%
335,500Japan
92%
688,400Vereinigtes Königreich
81%
233,100Indien
78%
230,100Südkorea
55%
338,800Malaysia
48%
395,800Singapur
43%

Verteilung der Resultate

Perzentil nach korrekt beantworteten Fragen

Anzahl Personen mit jedem Resultat

Ihre Resultats-Entwicklung

Sie haben dieses Quiz noch nicht gespielt